La canción mozárabe /
Estudio de la poesía lírica mozárabe llamada muwassahas, y las canciones hebreas medievales llamadas jarchyas.
Zapisane w:
| 1. autor: | |
|---|---|
| Format: | Książka |
| Język: | hiszpański |
| Seria: | (Universidad Internacional Menéndez Pelayo ;
7) |
| Hasła przedmiotowe: | |
| Etykiety: |
Nie ma etykietki, Dołącz pierwszą etykiete!
|
MARC
| LEADER | 00000nam^a2200000^a^4500 | ||
|---|---|---|---|
| 001 | 000142917 | ||
| 005 | 20250526000000.0 | ||
| 009 | 20260310095707.191 | ||
| 037 | |a Acervo ITESO - Biblioteca | ||
| 041 | |a ESP | ||
| 082 | |a 860. 94602 |b CAN | ||
| 100 | |a Cantera Burgos, Francisco |e (autor) | ||
| 245 | 1 | 3 | |a La canción mozárabe / |c F. Cantera Burgos. |
| 264 | |a Santander, España : |b Universidad Internacional Menéndez Pelayo, |c 1957 | ||
| 300 | |a 77 p. ; |c 19.0 cm. | ||
| 440 | 1 | |a (Universidad Internacional Menéndez Pelayo ; |v 7) | |
| 520 | |a Estudio de la poesía lírica mozárabe llamada muwassahas, y las canciones hebreas medievales llamadas jarchyas. | ||
| 649 | |a XX | ||
| 650 | |a Poesía Arabe - |z España - |x Historia y Crítica | ||
| 650 | |a Poesía Judía - |z España - |x Historia y Crítica | ||
| 650 | |a Poesía Española - |x Historia y Crítica | ||
| 650 | |a Literatura Medieval - |z España - |x Historia y Crítica | ||
| 650 | |a Literatura Arabe - |x Historia y Crítica | ||
| 650 | |a Literatura Mozárabe - |x Historia y Crítica | ||
| 650 | |a Literatura Judía - |x Historia y Crítica | ||
| 650 | |a Literatura Española - |x Historia y Crítica | ||
| 650 | |a Literatura Española - |y Hasta 1500 | ||
| 650 | |a Literatura Arabe - |x Historia y Crítica | ||
| 650 | |a Literatura Mozárabe - |x Historia y Crítica | ||
| 650 | |a Literatura Europea - |x Historia y Crítica | ||
| 650 | |a Edad Media | ||
| 650 | |a Arabes en España - |x Historia - |y Siglo XI | ||
| 650 | |a Judíos en España - |x Historia - |y Siglo XI | ||
| 650 | |a España - |x Historia | ||
| 910 | |a Fondo Salvador Reynoso Reynoso | ||
| 920 | |a Impresos - Libros | ||
| 930 | |a Libros Antiguos y Raros | ||
| 940 | |a Literatura | ||
| 905 | |a 108 | ||
| 901 | |a 0800015483 |b IT2 |c LRA |u 20250526 | ||
| 902 | |a https://opac.biblio.iteso.mx/vufind/Record/000142917 | ||